The Influence of Company Size on CSR Practices in Slovak Businesses: An Empirical Study
Cieľom tejto štúdie je preskúmať vzťah medzi veľkosťou spoločnosti a osvojením si praktík spoločenskej zodpovednosti (CSR) medzi slovenskými podnikmi. Vzhľadom na rastúci význam SZP v globálnom obchodnom prostredí môže pochopenie toho, ako veľkosť organizácie ovplyvňuje integráciu, certifikáciu, oce...
Salvato in:
| Autore principale: | |
|---|---|
| Altri autori: | |
| Natura: | Capitolo di libro |
| Lingua: | inglese |
| Soggetti: | |
| Tags: |
Nessun Tag, puoi essere il primo ad aggiungerne!!
|
MARC
| LEADER | 00000naa$a2200000$$$4500 | ||
|---|---|---|---|
| 001 | 0307873 | ||
| 005 | 20250328084433.6 | ||
| 041 | 0 | |a eng | |
| 044 | |a SK | ||
| 245 | 1 | 0 | |a The Influence of Company Size on CSR Practices in Slovak Businesses: An Empirical Study |c Jana Kozáková, Boris Rumanko |
| 520 | |a Cieľom tejto štúdie je preskúmať vzťah medzi veľkosťou spoločnosti a osvojením si praktík spoločenskej zodpovednosti (CSR) medzi slovenskými podnikmi. Vzhľadom na rastúci význam SZP v globálnom obchodnom prostredí môže pochopenie toho, ako veľkosť organizácie ovplyvňuje integráciu, certifikáciu, oceňovanie a podávanie správ, poskytnúť rozhodujúce poznatky pre tvorcov politík, obchodných lídrov a zainteresované strany. Výskum vypĺňa medzeru v doterajšej literatúre zameraním sa na slovenské podnikateľské prostredie, kde je takýchto štúdií pomerne málo. | ||
| 610 | 2 | 0 | |a podnik |
| 610 | 2 | 0 | |a zodpovednosť podniku spoločenská |
| 610 | 2 | 0 | |a reporting |
| 610 | 2 | 0 | |a certifikáty |
| 610 | 2 | 0 | |a Slovensko |
| 100 | 1 | |a Kozáková, Jana | |
| 700 | 1 | |a Rumanko, Boris, 1993- | |